Sister Nivedita / (Record no. 104555)

MARC details
000 -LEADER
fixed length control field 00600nam a22001937a 4500
005 - DATE AND TIME OF LATEST TRANSACTION
control field 20161109143739.0
010 ## - LCCN (DPL NO)
LC control number ENG-116492
020 ## - INTERNATIONAL STANDARD BOOK NUMBER
International Standard Book Number 9788123778181
Terms of availability 135.00
035 ## - SYSTEM CONTROL NUMBER
System control number EN-100024
037 ## - SOURCE OF ACQUISITION
Source of stock number/acquisition DBAD/PUB
082 ## - DEWEY DECIMAL CLASSIFICATION NUMBER
Classification number 920
100 ## - MAIN ENTRY--PERSONAL NAME
Personal name Chakravarty, Basudha
245 ## - TITLE STATEMENT
Title Sister Nivedita /
Statement of responsibility, etc by Basudha Chakravarty
260 ## - PUBLICATION, DISTRIBUTION, ETC. (IMPRINT)
Place of publication, distribution, etc New Delhi
Name of publisher, distributor, etc National Book Trust
Date of publication, distribution, etc 2016
270 ## - ADDRESS
Address Nehru Bhawan, 5 Industrial Area Phase-II,vasant Kunj
City New Delhi
Postal code 110070
300 ## - PHYSICAL DESCRIPTION
Extent 109p.
Dimensions 19cm (pbk)
500 ## - GENERAL NOTE
General note Includes bibliographical references
942 ## - ADDED ENTRY ELEMENTS (KOHA)
Source of classification or shelving scheme Dewey Decimal Classification
Item type English Books
Classification part 920
Call number suffix CHA
Holdings
Withdrawn status Lost status Not for loan Collection code Home library Current library Date acquired Source of acquisition Cost, normal purchase price Full call number Barcode Copy number Cost, replacement price Koha item type
    Not For Loan Non-fiction D.B.Act.Division D.B.Act.Division 09/11/2016 DBAD/PUB 135.00 920 CHA EN-100024 1 135.00 English Books

© Delhi Public Library
Hit Counter
free hit counter